Australia - True or False - Statistics

General Stats
  • This quiz has been taken 92 times
    78 since last reset
  • The average score is 10 of 15
Answer Stats
Question Answer % Correct
Australia was founded 800 years ago. False
100%
Australia is the only country that is also a continent. True
88%
Australia is home to many huge spiders and dangerous wildlife. True
88%
It's illegal to chew gum after 5:00 P.M. on a Monday. False
75%
There are about 7 volcanoes in Australia, 5 of them are active. False
75%
Australia's national animals are the Emu and Kangaroo. The reason why is because they can't walk backwards, so they symbolize a country that's always moving forward. True
75%
The official name of Australia is Commonwealth of Australia. True
75%
It's illegal to listen to music with headphones while crossing the street because it causes too much distraction. False
63%
From Melbourne, you can see New Zealand. False
63%
Unofficial languages spoken commonly in Australia are Mandarin, Arabic, Cantonese, Vietnamese, Italian and Greek. True
63%
90% of Australians live on the coast. True
63%
Australia is the driest of any continent on earth other than Antarctica. True
63%
The moon appears upside down in Australia. (Compared to the Northern Hemisphere) True
50%
You can see Tasmania off the coast of Sydney. False
38%
It's illegal to wear hot pink pants after midday on a Sunday in Victoria. True
0%
No matching quizzes found
Score Distribution
Percent of People with Each Score
Percentile by Number Answered
Your Score History
You have not taken this quiz since the last reset